Inhibícia nitrifikácie v biologickom stupni ČOV Slovnaft, a.s.

Gespeichert in:
Bibliographische Detailangaben
1. Verfasser: Kopcová, Bibiána (Verfasst von)
Weitere Verfasser: Bodík, Igor (Betreuung Doktorarbeit)
Format: Manuskript Buch
Sprache:Slowakisch
Veröffentlicht: 2020
Schlagworte:
Online-Zugang:http://is.stuba.sk/zp/portal_zp.pl?podrobnosti=150751
Tags: Tag hinzufügen
Keine Tags, Fügen Sie das erste Tag hinzu!

MARC

LEADER 00000ntm a22000003a 4500
001 stuzp79033
003 SK-STU
005 20200627210545.4
007 ta
008 150427s2015----xo-----f-mn---000-0-slo-d
040 |a STU  |b slo 
041 0 |a slo 
100 1 |a Kopcová, Bibiána  |u 046290  |k Z4  |4 aut  |U FCHPT Ústav chemického a environmentálneho inžinierstva  |T FCHPT Oddelenie environmentálneho inžinierstva  |X 70758  |U C6290  |Y 120  |7 70758 
242 0 1 |a Inhibition of nitrification in biological stage of WWTP Slovnaft, Inc.  |y eng 
245 1 0 |a Inhibícia nitrifikácie v biologickom stupni ČOV Slovnaft, a.s. 
260 |c 2020 
650 4 |a nitrifikácia  |2 slo 
650 4 |a inhibícia  |2 slo 
650 4 |a MCHB ČOV  |2 slo 
650 4 |a amoniakálny dusík  |2 slo 
650 4 |a nitrification  |2 eng 
650 4 |a inhibition  |2 eng 
650 4 |a MCHB WWTP  |2 eng 
650 4 |a ammonium nitrogen  |2 eng 
700 1 |a Bodík, Igor  |u 046290  |k Z1  |4 ths  |U FCHPT Ústav chemického a environmentálneho inžinierstva  |T FCHPT Oddelenie environmentálneho inžinierstva  |X 3340  |U C6290  |Y 120  |7 A000003340 
856 4 |u http://is.stuba.sk/zp/portal_zp.pl?podrobnosti=150751